Statistiques concernant Capitales les plus proches de Buenos Aires - 1 minute sprint

Cliquez ici pour prendre le quiz!

Statistiques générales

  • Ce quiz a été pris 82 fois
  • Le résultat moyen est 9 sur 20

Statistiques - réponses

kmcapitale% Correct
2343Brasilia
93%
1140Santiago
87%
206Montevideo
84%
1862Sucre / La Paz
80%
3141Lima
76%
1043Asunción
75%
4674Bogotá
73%
5099Caracas
72%
4366Quito
71%
5339Panama
53%
4517Paramaribo
47%
4608Georgetown
45%
5048Port-d'Espagne
19%
5325Kingstown
12%
5311Bridgetown
11%
5419Castries
7%
5566Roseau
7%
5207Saint George's
7%
5387O{ranjestad}
3%
5318W{illemstad}
3%

Distribution des résultats

Percentile par nombre de réponses

% des personnes avec chaque résultat

Votre développement - résultats

Vous n’avez pas pris ce quiz